Where Am I ? # 1 - Statistics

General Stats
  • This quiz has been taken 55 times
  • The average score is 9 of 12
Answer Stats
Answer % Correct
Zagreb is in which country? I AM south of Cuba
94%
Myanmar was formerly known as ? I am in the Commonwealth
92%
Nicosia is the capital of which country ? I am NOT in Oceania
90%
Which European country is split into Cantons ? I am Not in a mainland country
83%
Jutland is part of which country ? I AM served by Norman Manley Airport
83%
In Which country is the city of Lodz ? I am NOT in Africa
81%
Which island country is in the Arabian Gulf? I am NOT in South America
81%
KLM is the national airline of which country? I AM in North America
79%
Which Belgian city is famous for its diamond industry? I am NOT in Europe
79%
Which African Country was known as Abyssinia? I am NOT in Asia
77%
Mystery Location Kingston,Jamaica
29%
The River Thames has which other name ? My Countrys flag has no red,white or blue ?
15%
No matching quizzes found
Score Distribution
Percent of People with Each Score
Percentile by Number Answered
Your Score History
You have not taken this quiz